Строители цивилизации

Manylion Llyfryddiaeth
Prif Awdur: Давиденко И. В. Игорь Владимирович
Awduron Eraill: Кеслер Я. А. Ярослав Аркадьевич
Crynodeb:ЧЕЛОВЕК СОЗИДАЮЩИЙ в первую очередь - СТРОИТЕЛЬ. Строители цивилизации учились у Природы (звериные норы, гнезда птиц, термитники, «хатки» и плотины бобров, медвежьи берлоги, слоновьи колодцы в руслах пересыхающих рек) и шли дальше, проявляли смекалку, изобретали, пробовали. И строили, строили, строили... Рукотворные пещеры, подземные и наземные храмы, глиняные и тростниковые хижины, бревенчатые избы, замки, крепости, кремли, саманные, кирпичные, бетонные дома, виадуки и акведуки, дороги, элеваторы, водонапорные башни, каналы, плотины, водохранилища, шахты, карьеры, горнообогатительные комбинаты, нефтяные и газовые промыслы, трубопроводы, автомобили, вагоны, танкеры и иные корабли, подводные лодки, речные и морские порты, фабрики, заводы, склады для сырья и готовой продукции, а еще свалки, мусоросжигающие предприятия, гидроэлектростанции, тепловые и атомные электростанции, комплексы водоочистки, стадионы, метрополитены, музеи, концертные залы, библиотеки, школы, университеты, больницы, тюрьмы, телевизионные вышки, вокзалы, аэродромы, ракетные шахты и космодромы на земле и на воде...
Iaith:Rwseg
Cyhoeddwyd: Москва, Эксмо, 2005
Cyfres:Неизвестная планета
Книги цивилизации
Pynciau:
Fformat: MixedMaterials Llyfr
KOHA link:https://koha.lib.tpu.ru/cgi-bin/koha/opac-detail.pl?biblionumber=94175

MARC

LEADER 00000nam0a2200000 4500
001 94175
005 20231031105531.0
010 |b 5100 экз.  |a 569912134X 
010 |a 5-98638-004-5 
021 |a RU  |b 05-79708  |9 05-3936 
035 |a (RuTPU)RU\TPU\book\100867 
090 |a 94175 
100 |a 20060407d2005 m y0rusy5002 ca 
101 0 |a rus 
102 |a RU 
105 |a a z 001zy 
200 1 |a Строители цивилизации  |f И. В. Давиденко, Я. А. Кеслер 
210 |a Москва  |c Эксмо  |c Всеобщие исслед.  |d 2005 
215 |a 526 с.  |c ил.  |d 21 см. 
225 1 |a Неизвестная планета 
225 1 |a Книги цивилизации 
320 |a Библиогр.: с. 520-522. 
330 |a ЧЕЛОВЕК СОЗИДАЮЩИЙ в первую очередь - СТРОИТЕЛЬ. Строители цивилизации учились у Природы (звериные норы, гнезда птиц, термитники, «хатки» и плотины бобров, медвежьи берлоги, слоновьи колодцы в руслах пересыхающих рек) и шли дальше, проявляли смекалку, изобретали, пробовали. И строили, строили, строили... Рукотворные пещеры, подземные и наземные храмы, глиняные и тростниковые хижины, бревенчатые избы, замки, крепости, кремли, саманные, кирпичные, бетонные дома, виадуки и акведуки, дороги, элеваторы, водонапорные башни, каналы, плотины, водохранилища, шахты, карьеры, горнообогатительные комбинаты, нефтяные и газовые промыслы, трубопроводы, автомобили, вагоны, танкеры и иные корабли, подводные лодки, речные и морские порты, фабрики, заводы, склады для сырья и готовой продукции, а еще свалки, мусоросжигающие предприятия, гидроэлектростанции, тепловые и атомные электростанции, комплексы водоочистки, стадионы, метрополитены, музеи, концертные залы, библиотеки, школы, университеты, больницы, тюрьмы, телевизионные вышки, вокзалы, аэродромы, ракетные шахты и космодромы на земле и на воде... 
606 1 |a Архитектура  |x История  |2 stltpush  |3 (RuTPU)RU\TPU\subj\77521 
610 1 |a история 
610 1 |a материальная культура 
610 1 |a всемирная история 
610 1 |a цивилизации 
610 1 |a культура 
610 1 |a инструменты 
610 1 |a ремесла 
610 1 |a строительство 
610 1 |a кузнечное дело 
610 1 |a дома 
610 1 |a жилище 
610 1 |a камни 
610 1 |a камнерезное дело 
610 1 |a украшения 
610 1 |a пирамиды 
610 1 |a строительные технологии 
610 1 |a монолиты 
610 1 |a транспортные средства 
610 1 |a Египет 
610 1 |a бетонные работы 
610 1 |a штукатурные работы 
610 1 |a водоснабжение 
610 1 |a стекло 
675 |a 72.03  |v 3 
700 1 |a Давиденко  |b И. В.  |g Игорь Владимирович  |4 070 
701 1 |a Кеслер  |b Я. А.  |g Ярослав Аркадьевич  |4 070 
801 0 |a RU  |b RKP  |c 20060203  |g PSBO 
801 1 |a RU  |b 63413507  |c 20060407  |g PSBO 
801 2 |a RU  |b 63413507  |c 20230210  |g PSBO 
942 |c BK